00782nam a2200169Ia 450000500170000000800410001702000150005808200150007310000120008824500260010026000440012630000140017050003110018494200060049595200960050199900150059720240812010144.0240331s9999 xx 000 0 und d a0586083332 bHOLa398.2 aHole, C 0aWitchcraft in Britain aEnglandbGranda Publising Limitedc1979 a203 p .,  aHere is a history of British witchcraft written by one of the country's leading folklorists and illustrated by one of the greatest fantasists, mervyn peake. traces of the old beliefs still survive in our everyday superstitions, but for hundreds of years witchcraft was a daily reality for evil or for good. cL 001040708LaWERCLbWERCLcSSCd2024-03-31l0o 398.2 HOLp155r2024-03-31w2024-03-31yL c2985d2985